Statistics for Word Chain - Cities in Asia

Click here to take the quiz!

General Stats

  • This quiz has been taken 16 times
  • The average score is 18 of 20

Answer Stats

HintAnswer% Correct
Home of the Taj MahalAgra
100%
Capital of JordanAmman
100%
Home to the tallest building in the world.Dubai
100%
Capital of South Vietnam, formerly known as SaigonHo Chi Minh City
100%
Pakistan's 9th largest city, also the capital.Islamabad
100%
City that straddles Europe and AsiaIstanbul
100%
Holiest city in JudaismJerusalem
100%
A nuclear bomb was dropped on this city on 9 August 1945Nagasaki
100%
3rd largest city in JapanOsaka
100%
City formerly known as EdoTokyo
100%
Capital of MongoliaUlaanbaatar
100%
Capital of Tibet, also the namesake of a dog breedLhasa
93%
Capital city found on the island of LuzonManila
93%
Largest city in TurkmenistanAshgabat
86%
Capital city of the largest country to not have a riverRiyadh
86%
Former capital city of Myanmar, also known as RangoonYangon
86%
5th most populous city in IndiaAhmedabad
79%
Most populous city in the world (Urban area)Guangzhou
71%
Capital of the island of BaliDenpasar
64%
City whose name means "Southern Capital"Nanjing
64%

Score Distribution

Percentile by Number Answered

Percent of People with Each Score

Your Score History

You have not taken this quiz